Български закони за наследството 1890 - 1995 (Запис номер 28972)
[ съкратено ]
| 000 -Лидер | |
|---|---|
| Контролно поле с фиксирана дължина | 01262nam a2200325 c 4500 |
| 003 - Код на организацията, давaща контролен номер | |
| Контролно поле | BLK |
| 005 - Дата и час на последна редакция | |
| Контролно поле | 20180420220250.0 |
| 008 - Елементи от данни с фиксирана дължина | |
| fixed length control field | 180407b bul|||||r ||||||| ||bul|| |
| 010 ## - Наследен системен номер | |
| LC control number | KNG00031579000 |
| 020 ## - Международен стандартен номер на книга ISBN | |
| Международен стандартен номер на книга ISBN | 954-8150-34-4 |
| -- | издат.: Сиби |
| 040 ## - Източник на каталожния запис | |
| Идентификатор на билиотеката - собственик на записа | BLK |
| 041 ## - Код за език | |
| Код за езика на текст/звукозапис или на отделно заглавие | Български |
| Код за езика КДБФ | Български |
| 080 ## - УДК | |
| Текстов определител УДК | Основни задачи на общественото управление |
| УДК код - определител по УДК | 351 |
| УДК определител | :347.65(497.2)(094.5)(091) |
| УДК - код + определител | 351:347.65(497.2)(094.5)(091) |
| 139 ## - Редно поле | |
| Редна дума | България. Закони и др. п. |
| Авторски знак | Бъл - Б 92 |
| 245 10 - Сведения за заглавието | |
| Заглавие | Български закони за наследството 1890 - 1995 |
| Редно поле (дума) | състав. Светлана Ташева. |
| 257 ## - Страна на издаване | |
| Страна на създаване/издаване | България |
| 260 ## - Област на издателските данни | |
| -- | София |
| Име на издателя, разпространителя и проч. | Сиби |
| Година на издаване | 1995 |
| 300 ## - Физическа характеристика | |
| Страници | 96 с. |
| Размери/Мащаб | 21 см |
| 380 ## - Жанр | |
| Жанр | Обществени науки |
| 650 #4 - Допълнително описание по предмет – тема | |
| Основно описание – тема или топоним | Наследствено право - България - законодателни и директивни материали |
| 9 (RLIN) | 254028 |
| 653 ## - Ключова дума – ненормативна | |
| Ключова дума | закони |
| 653 ## - Ключова дума – ненормативна | |
| Ключова дума | наследствено право |
| 700 1# - Други автори (авторска отговорност) | |
| Лично име | Ташева, Светлана |
| Автороска отговорност (Описва отношението между автора и произведението) | състав. |
| 9 (RLIN) | 270038 |
| 710 1# - Име на организация или юридическо лице като допълнителен термин за търсене | |
| Наименование на организация или юридическо лице като редна дума | България. Закони и др. п. |
| 9 (RLIN) | 243213 |
| 852 ## - Местоположение | |
| Форматна сигнатура | Цб 189137 |
| 856 4# - Електронен адрес и достъп | |
| Електронен формат | pdf - файл |
| Път до файла /url/ | |
| 856 4# - Електронен адрес и достъп | |
| Електронен формат | pdf - файл |
| Път до файла /url/ | |
| 942 ## - АРТИКУЛИ | |
| Вид на библиотечния материал | Книги |
| Скрит в OPAC | Не |
| 944 ## - СЪЗДАВАНЕ И РЕДАКЦИЯ на ЗАПИСА | |
| Създаване/Редакция | Създаване |
| Дата на регистрацията/редакция | 18.03.2003 |
| Служител, извършил регистрацията/редакцията | Кети_Илиева |
| 944 ## - СЪЗДАВАНЕ И РЕДАКЦИЯ на ЗАПИСА | |
| Създаване/Редакция | Редакция |
| Дата на регистрацията/редакция | 05.07.2006 |
| Служител, извършил регистрацията/редакцията | |
| 999 ## - СИСТЕМНИ КОНТРОЛНИ НОМЕРА | |
| Koha biblionumber | 28972 |
| Koha biblioitemnumber | 28972 |
| Код за отписване | Код за изгубен артикул | Източник на класификационната схема | Код за повреда | Коз за рестрикции | Код за отдаване | Артикулен № | Име на библиотеката - собственик | Име на библиотеката, в която се намира в момента | Статус (Текущо местоположение) | Дата на вписване в системата | Местоположение - отдел | Цена в лева | Инвентарен номер | Систематично азбучна сигнатура | Баркод | Номер на екземпляра | Цена в евро | Служебна бележка | Служебен тип на артикула |
|---|---|---|---|---|---|---|---|---|---|---|---|---|---|---|---|---|---|---|---|
| Изтеглен | Не е изгубен | Universal Decimal Classification | Не е повреден | без рестрикции | заемане за дома | 46572 | Регионална библиотека "Любен Каравелов" Русе | Регионална библиотека "Любен Каравелов" Русе | Заемна - подръчен фонд | 2001-01-01 | Заемна - подръчен фонд | 0.86 | 618398 | П 351/Б 92 | 618398 | 1 | 0.44 | Дост: Pk Вид: Ф N: стар фонд Дата: 01.01.2001 | Книги |
| Изтеглен | Не е изгубен | Universal Decimal Classification | Не е повреден | без рестрикции | заемане за дома | 46573 | Регионална библиотека "Любен Каравелов" Русе | Регионална библиотека "Любен Каравелов" Русе | Заемна - подръчен фонд | 2001-01-01 | Заемна - подръчен фонд | 0.86 | 617675 | П 351/Б 92 | 617675 | 2 | 0.44 | Дост: Pk Вид: Ф N: стар фонд Дата: 01.01.2001 | Книги |
| Не е изгубен | Universal Decimal Classification | Не е повреден | без рестрикции | ползва се в читалня | 46574 | Регионална библиотека "Любен Каравелов" Русе | Регионална библиотека "Любен Каравелов" Русе | Читалня | 2001-01-01 | Читалня | 0.86 | 617676 | Ч 351/Б 92 | 120000617676 | 3 | 0.44 | Дост: Pk Вид: Ф N: стар фонд Дата: 01.01.2001 Дата инв: 29.03.2017 Бележки инв: Ч2017 | Книги | |
| Не е изгубен | Не е повреден | без рестрикции | ползва се в читалня | 46575 | Регионална библиотека "Любен Каравелов" Русе | Регионална библиотека "Любен Каравелов" Русе | Хранилище | 2003-03-11 | Хранилище | 0.95 | 120000675140 | Цб 189137 | 120000675140 | 4 | 0.49 | Дост: Dp Вид: Д N: 22 Дата: 18.05.2002 | Книги |